Personnel management in the 21st century / (Record no. 293292)
[ view plain ]
| 000 -LEADER | |
|---|---|
| fixed length control field | 00625nam a2200229Ia 4500 |
| 008 - FIXED-LENGTH DATA ELEMENTS--GENERAL INFORMATION | |
| fixed length control field | 160404s9999 xx 000 0 und d |
| 020 ## - INTERNATIONAL STANDARD BOOK NUMBER | |
| International Standard Book Number | 971-23-3724-3 |
| 050 ## - LIBRARY OF CONGRESS CALL NUMBER | |
| Classification number | FIL HF 5549 |
| 050 ## - LIBRARY OF CONGRESS CALL NUMBER | |
| Item number | .S57 2003 c.2 |
| 100 ## - MAIN ENTRY--PERSONAL NAME | |
| Personal name | Sison, Perfecto S. |
| 245 ## - TITLE STATEMENT | |
| Title | Personnel management in the 21st century / |
| 245 ## - TITLE STATEMENT | |
| Statement of responsibility, etc | Perfecto S. Sision. |
| 250 ## - EDITION STATEMENT | |
| Edition statement | 7th Edition |
| 260 ## - PUBLICATION, DISTRIBUTION, ETC. (IMPRINT) | |
| Place of publication, distribution, etc | Manila : |
| 260 ## - PUBLICATION, DISTRIBUTION, ETC. (IMPRINT) | |
| Name of publisher, distributor, etc | Rex Book Store, Inc., |
| 260 ## - PUBLICATION, DISTRIBUTION, ETC. (IMPRINT) | |
| Date of publication, distribution, etc | 2003 |
| 300 ## - PHYSICAL DESCRIPTION | |
| Extent | 218 pages : |
| 300 ## - PHYSICAL DESCRIPTION | |
| Other physical details | illustrations ; |
| 300 ## - PHYSICAL DESCRIPTION | |
| Dimensions | 25 cm. |
| 500 ## - GENERAL NOTE | |
| General note | Includes bibliographical references and index. |
| 650 ## - SUBJECT ADDED ENTRY--TOPICAL TERM | |
| Topical term or geographic name as entry element | Personnel management. |
| Withdrawn status | Lost status | Damaged status | Home library | Current library | Shelving location | Date acquired | Total Checkouts | Full call number | Barcode | Date last seen | Price effective from | Koha item type |
|---|---|---|---|---|---|---|---|---|---|---|---|---|
| South Mansfield College | South Mansfield College | Filipiniana Section | 06/02/2005 | FIL HF 5549 .S57 2003 c.2 | SMC02681 | 04/04/2016 | 04/04/2016 |